IS/LM model ekonomiky SR bakalárska práca

Salvato in:
Dettagli Bibliografici
Autore principale: Šulíková, Marta
Ente Autore: Fakulta hospodárskej informatiky EU. Katedra operačného výskumu a ekonometrie
Altri autori: Gábik, Rastislav
Natura: Libro
Lingua:slovacco
Pubblicazione: Bratislava 2010
Tags: Aggiungi Tag
Nessun Tag, puoi essere il primo ad aggiungerne!!

MARC

LEADER 00000nbm a2200000 4500
001 0136232
005 20160428114441.6
041 0 |a slo 
044 |a SK 
245 1 0 |a IS/LM model ekonomiky SR  |b bakalárska práca  |c Marta Šulíková ; školiteľ: Rastislav Gábik 
264 1 |a Bratislava  |c 2010 
300 |a 27 s. 
100 1 |a Šulíková, Marta 
700 1 |a Gábik, Rastislav 
710 2 |a Fakulta hospodárskej informatiky EU. Katedra operačného výskumu a ekonometrie